Efektívnosť vo verejnom sektore

Hodnotenie efektívnosti vo verejnom sektore. Metóda DEA (obalová analýza dát). Meranie efektívnosti zdravotníckych zariadení. Štúdie zaoberajúce sa efektívnosťou nemocníc.

Guardado en:
Detalles Bibliográficos
Autor principal: Beslerová, Stela
Formato: Capítulo de libro
Lenguaje:eslovaco
Materias:
Etiquetas: Agregar Etiqueta
Sin Etiquetas, Sea el primero en etiquetar este registro!

MARC

LEADER 00000nla a2200000 4500
001 0210444
005 20240502073514.5
041 0 |a slo 
044 |a SK 
245 1 0 |a Efektívnosť vo verejnom sektore  |c Stela Beslerová 
520 |a Hodnotenie efektívnosti vo verejnom sektore. Metóda DEA (obalová analýza dát). Meranie efektívnosti zdravotníckych zariadení. Štúdie zaoberajúce sa efektívnosťou nemocníc. 
610 2 0 |a sektor verejný 
610 2 0 |a zdravotníctvo verejné 
610 2 0 |a zariadenia zdravotnícke 
610 2 0 |a nemocnice 
100 1 |a Beslerová, Stela